000 01394cad a22002295a 4500
001 L149071
008 100106e20091222xxkad f s 000 0 eng u
035 _a(Sirsi) u149071
041 0 _aeng
050 0 4 _a333.33 $2 18
110 1 _aRoyal Institution of Chartered Surveyors
_bEconomics
_95033
245 0 0 _aRICS housing market update
_bDecember 2009
_h[electronic resource]
260 _aLondon
_bRICS
_c2009
490 0 _aRICS UK Housing Market Forecast
_v2009
520 _aImbalance between supply and demand will continue into the early part of 2010 resulting in further house price gains. Combination of more available property and the beginning of the exit strategy from the big stimulus programmes that have helped support the economy may exert a great influence. Transaction levels are likely to rise to a monthly average of 70 000. Ongoing caution of lenders, uncertainties in the economy and a flat labour market are all likely to present challenges resulting in prices at the end of 2010 only one or two percent highter than at the beginning of the year.
590 _aKA
650 2 4 _aRICS UK HOUSING MARKET FORECAST
651 4 _aUnited Kingdom
_y
690 _aPROPERTY-RESIDENTIAL PROPERTY-RESIDENTIAL PROPERTY MARKET
856 4 0 _uhttps://www.rics.org/site/download_feed.aspx?fileID=1644&fileExtension=PDF
_zView the item free of charge at www.rics.org...
942 _n0
999 _c110362
_d110362